00680nam a2200229Ia 4500003000900000008004100009040001300050040001300063041000800076100001500084245001400099250001000113260001800123260000900141300001100150300001000161490000600171600005200177942000700229999001700236952019700253IT-RoPAU120407s9999 xx 000 0 und d aIT-RoPAU cIT-RoPAU aita aKarl Barth aLa Chiesa aRoma  aCittà Nuova c1970 a196 p. c20 cm v1 a"Scritti vari 1 Chiesa I Silvestrelli Angela" cBK c28164d28164 00102ddc406237_50000000000000071aPAULUSbPAULUSd2012-04-11l0o237.50r2012-04-11 00:00:00w2012-04-11yBKzInserito da: Carla In data: 24 ottobre 2011 fondo: Via A.Severo 56 Progr:18458